000 00456nam a2200133Ia 4500
008 260210s9999 xx 000 0 und d
024 _a15B-201-EL, 15B-205-EL, 15B-214-EL & 15B-112-EL
082 _a004.165072 WAl
100 _aWaliullah Qadri, Muhammad Junaid Mirza, Shajee Nazar & Sana Siddique
245 0 _aGesture Talk
260 _aKarachi:
_bUITU,
_c2015
600 _aComputer System Engineering
650 _aBachelor of Engineering (BE)
999 _c32771
_d32771